000 01578nim a2200361 i 4500
001 197356
003 ES-MaACL
005 20250828062631.0
007 ss lsnjlcipnne
008 060525s1990 sp nnnn |||| 00| spa d
040 _bspa
_cES-MaACL
100 1 _973942
_aLópez Ruiz, Álvaro
_eaut
245 0 0 _aDe la ciencia a la obra: impermeabilización y estabilización química en los metros de Milán y Valencia
_h[Grabación sonora] :
_bciclo de conferencias Fronteras de la ciencia /
_cpor Álvaro López Ruiz
260 _aMadrid :
_bAteneo de Madrid,
_c1991
300 _a1 casete (ca. 90 min) :
_bson. ;
_c11 cm
490 1 _3Actos culturales en el Ateneo de Madrid
518 _aGrabado el 30 de abril de 1991 en el Salón de Actos del Ateneo de Madrid.
520 _aConferencia sobre la impermeabilización y estabilización química en los metros de Milán y Madrid dentro del ciclo "Fronteras de la ciencia".
540 _aDocumento inédito
594 _5Datos basados en la invitación.
610 2 0 _aAteneo de Madrid-
_xActos culturales-
_y1991-
_vGrabaciones sonoras
_9240452
650 7 _aCiencia
_2embne
_910929
653 _aArchivo de la palabra
655 0 _aConferencias
_9234444
700 1 _aGarcía Velarde, Manuel
_epres
_955382
710 2 _aAteneo de Madrid.
_ehis
_bSección de Ciencias
_91972
710 2 _aADAE
_espn
_9240229
830 0 _aActos culturales en el Ateneo de Madrid
_9240237
852 _aES-MaACL
_cDEPOZ
_9205674
942 _2udc
_n0
_cCINTASAUD
999 _c197356
_d197356